[Event "Arab-ch"]
[Site "Cairo"]
[Date "2003.12.27"]
[Round "8"]
[White "Khader, Sami"]
[Black "Abdelnabbi, Imed"]
[Result "1-0"]
[WhiteElo "2425"]
[BlackElo "2484"]
[PlyCount "83"]
[EventDate "2003.12.20"]
[EventType "swiss"]
[EventRounds "9"]
[EventCountry "EGY"]
[SourceTitle "CBM 097 Extra"]
[Source "ChessBase"]
[SourceDate "2004.01.13"]
[SourceVersion "1"]
[SourceVersionDate "2004.01.13"]
[SourceQuality "1"]

1. d4 Nf6 2. Nf3 g6 3. Bg5 Bg7 4. Qc1 h6 5. Bf4 c5 6. e3 d6 7. Nc3 Nh5 8. dxc5 Nxf4 9. exf4 Qa5 10. Bb5+ Bd7 11. Bxd7+ Nxd7 12. 0-0 Qxc5 13. Re1 e6 14. Qd2 Bxc3 15. bxc3 Rc8 16. Rad1 d5 17. f5 gxf5 18. Nd4 Qxc3 19. Qe2 Kd8 20. Qh5 Rc4 21. Re3 Qb4 22. Rb3 Qa4 23. c3 Rf8 24. Rxb7 Rxc3 25. Rbb1 Rc4 26. Nf3 Rg4 27. Qxh6 Rxg2+ 28. Kxg2 Qg4+ 29. Kf1 Qxf3 30. Qh4+ f6 31. Qg3 Qh1+ 32. Qg1 Qe4 33. Qg7 Qh1+ 34. Ke2 Qe4+ 35. Kf1 Qh1+ 36. Ke2 Qxh2 37. Rb7 Qh5+ 38. Ke1 Rf7 39. Qg8+ Ke7 40. Qc8 Qh1+ 41. Kd2 Qh6+ 42. Kc2 1-0

[Event "Arab-ch"]
[Site "Cairo"]
[Date "2003.12.26"]
[Round "7"]
[White "Abdelnabbi, Imed"]
[Black "Tissir, Mohamed"]
[Result "0-1"]
[WhiteElo "2484"]
[BlackElo "2405"]
[PlyCount "76"]
[EventDate "2003.12.20"]
[EventType "swiss"]
[EventRounds "9"]
[EventCountry "EGY"]
[SourceTitle "CBM 097 Extra"]
[Source "ChessBase"]
[SourceDate "2004.01.13"]
[SourceVersion "1"]
[SourceVersionDate "2004.01.13"]
[SourceQuality "1"]

1. e4 c6 2. d4 d5 3. Nd2 dxe4 4. Nxe4 Bf5 5. Ng3 Bg6 6. N1e2 Nf6 7. Nf4 e6 8. h4 Bd6 9. h5 Bf5 10. Nxf5 exf5 11. Qe2+ Be7 12. Qd3 0-0 13. Be3 Qd7 14. f3 Na6 15. c3 Rfe8 16. 0-0-0 Bd6 17. g3 Nc7 18. Bh3 g6 19. hxg6 fxg6 20. Bd2 b5 21. g4 fxg4 22. Bxg4 Nxg4 23. fxg4 Bxf4 24. Bxf4 Nd5 25. Be5 Qxg4 26. Kb1 Rf8 27. Rdg1 Qe6 28. Rh6 Ne7 29. Qd1 Rf7 30. a4 bxa4 31. Qxa4 a5 32. c4 c5 33. Ka1 Rc8 34. Qb5 a4 35. Qxa4 cxd4 36. Bxd4 Qe4 37. Ba7 Nf5 38. Rh3 Rxc4 0-1

[Event "Arab-ch"]
[Site "Cairo"]
[Date "2003.12.24"]
[Round "5"]
[White "Abdelnabbi, Imed"]
[Black "Arab, Adlane"]
[Result "1-0"]
[WhiteElo "2484"]
[BlackElo "2241"]
[PlyCount "69"]
[EventDate "2003.12.20"]
[EventType "swiss"]
[EventRounds "9"]
[EventCountry "EGY"]
[SourceTitle "CBM 097 Extra"]
[Source "ChessBase"]
[SourceDate "2004.01.13"]
[SourceVersion "1"]
[SourceVersionDate "2004.01.13"]
[SourceQuality "1"]

1. e4 c6 2. d4 d5 3. exd5 cxd5 4. c4 Nf6 5. Nc3 e6 6. Nf3 Be7 7. Bd3 0-0 8. 0-0 Nc6 9. a3 a6 10. c5 b6 11. b4 bxc5 12. bxc5 Qc7 13. Bg5 Rd8 14. Re1 Bb7 15. Rb1 h6 16. Bh4 Nh5 17. Bxe7 Qxe7 18. Rb6 Qc7 19. Qb3 Bc8 20. Qa4 Bd7 21. Qd1 Bc8 22. Rxc6 Qxc6 23. Ne5 Qc7 24. Qxh5 Rb8 25. Na4 Rb3 26. Bc2 Rxa3 27. Nb6 a5 28. Qd1 f6 29. Qc1 Rc3 30. Nf3 Kh8 31. Qb2 Rxf3 32. gxf3 Qf4 33. Qc3 Ba6 34. Qe3 Qh4 35. Qxe6 1-0